| 000 | 01421nam a22003857a 4500 | ||
|---|---|---|---|
| 003 | CHAP | ||
| 005 | 20220329143606.0 | ||
| 008 | 080125s2001 mx a r 00110 spa d | ||
| 010 | _a98983 | ||
| 011 | _a99955 | ||
| 020 | _a9688843431 | ||
| 035 | _a110641 | ||
| 040 | _cCHAP | ||
| 082 | 1 | 4 |
_a636 _bF76 |
| 111 | 2 |
_aForo Nacional de Producción Orgánica, Agrícola y Pecuaria _n(4 : _d2001 _c[Chapingo, Méx.]) _942496 |
|
| 245 | 1 | 0 |
_aProducción animal orgánica : _bel hombre rural guardián de la naturaleza _c/editado por José Feliciano Ruíz Figueroa |
| 260 |
_aChapingo, Méx. : _bCONARAO, _c2001 |
||
| 300 |
_a188 p. : _bilus. |
||
| 590 |
_aBATCH-UPD _b10 _c20130110 _lUCH01 _h1129 |
||
| 590 |
_aBATCH-UPD _b10 _c20130410 _lUCH01 _h0718 |
||
| 590 |
_aBATCH-UPD _b10 _c20130913 _lUCH01 _h2234 |
||
| 590 |
_aCONVERSION _b10 _c20130109 _lUCH01 _h1355 |
||
| 650 | 1 | 4 |
_aAgricultura orgánica. _92005 |
| 650 | 1 | 4 |
_aAlimentos orgánicos. _94316 |
| 650 | 1 | 4 |
_aAlimentos y alimentacion del ganado. _94326 |
| 650 | 1 | 4 |
_aGanadería _xEstudio y enseñanza. _944733 |
| 650 | 1 | 4 |
_aGanadería _xInnovaciones tecnológicas. _944755 |
| 650 | 1 | 4 |
_aGanado _xEnfermedades. _944909 |
| 650 | 1 | 4 |
_aIndustrias pecuarias. _958022 |
| 650 | 1 | 4 |
_aProducción animal. _991859 |
| 700 | 0 |
_aRuíz Figueroa, José Feliciano _e, ed. _9100875 |
|
| 901 | _aBK | ||
| 942 | _cLIBRO | ||
| 949 |
_a636 F76 _bBC _cUACH _d33724002215819 _eUACH _h113349 _i110641 _sb |
||
| 999 |
_c98983 _d98983 |
||